The world economy : trade and finance : study guide /

Bibliographic Details
Main Author: Yarbrough, Beth V.
Other Authors: Yarbrough, Robert M.
Format: Book
Language:English
Published: Mason, Ohio : Thomson/South Western, [2006]
Edition:7th ed.
Subjects:

MARC

Tag First Indicator Second Indicator Subfields
LEADER 00000cam a2200000Ma 4500
001 in00002432829
005 20151109175757.0
008 070613s2006 ohua b 000 0 eng d
019 |a 144554612 
020 |a 9780324231953 
020 |a 0324231954 
029 0 |a AU@  |b 000041896619 
035 |a (OCoLC)ocn225607014 
035 |a (OCoLC)225607014  |z (OCoLC)144554612 
040 |a AU@  |b eng  |c AU@  |d BTCTA  |d BAKER  |d TXA  |d UtOrBLW 
049 |a TXAM 
050 0 0 |a HF1411  |b .Y342 2006 
100 1 |a Yarbrough, Beth V. 
245 1 4 |a The world economy :  |b trade and finance : study guide /  |c Beth V. Yarbrough, Robert M. Yarbrough. 
246 3 |a Study guide :  |b The world economy : trade and finance. 
250 |a 7th ed. 
264 1 |a Mason, Ohio :  |b Thomson/South Western,  |c [2006] 
264 4 |c ©2006 
300 |a vi, 254 pages :  |b illustrations ;  |c 26 cm. 
336 |a text  |b txt  |2 rdacontent 
337 |a unmediated  |b n  |2 rdamedia 
338 |a volume  |b nc  |2 rdacarrier 
504 |a Includes bibliographical references (pages 243-251). 
650 0 |a Commercial policy. 
650 0 |a Economic policy. 
650 0 |a International economic relations. 
650 0 |a International finance. 
700 1 |a Yarbrough, Robert M. 
938 |a Baker and Taylor  |b BTCP  |n BK0006544090 
938 |a Baker & Taylor  |b BKTY  |c 36.95  |d 36.95  |i 0324231954  |n 0006544090  |s active 
994 |a C0  |b TXA 
948 |a cataloged  |b h  |c 2008/11/10  |d c  |e blrosas  |f 11:50:39 am 
999 |a MARS 
999 f f |s 8c486754-a224-3a92-9192-d303c1d112f5  |i daf75e5e-f0df-32dc-aa77-ee8fc730ba63  |t 0 
952 f f |p ric  |a Texas A&M University  |b Rellis Campus  |c Joint Library Facility  |d Remote Storage  |t 0  |e HF1411 .Y342 2006  |h Library of Congress classification  |i unmediated -- volume  |m A14837526741 
998 f f |a HF1411 .Y342 2006  |t 0  |l Remote Storage